Mineralwasserhersteller - Statistiken

Allgemein
  • Dieses Quiz wurde 130 mal gespielt
  • Das Durchschnittsergebnis liegt bei 2 aus 8
Antwortstatistiken
Antwort % Korrekt
1 Gerolsteiner
82%
2 Volvic
52%
3 Saskia
46%
4 Vilsa
19%
5 Apollinaris
15%
6 Adelholzner
6%
8 Mineralwasser
6%
7 Carolinen
3%
Keine übereinstimmenden Quizze gefunden
Verteilung der Resultate
Anzahl Personen mit jedem Resultat
Perzentil nach korrekt beantworteten Fragen
Ihre Resultats-Entwicklung
Sie haben dieses Quiz noch nicht gespielt